[Event "Winnipeg TNT April op"]
[Site "Winnipeg"]
[Date "2014.04.22"]
[Round "4.5"]
[White "De Groot, Steven"]
[Black "Rutter, Blair A"]
[Result "0-1"]
[WhiteElo "1936"]
[BlackElo "1889"]
[PlyCount "94"]
[EventDate "2014.04.01"]
[EventType "swiss"]
[EventRounds "5"]
[EventCountry "CAN"]
[SourceTitle "EXT 2022"]
[Source "ChessBase"]
[SourceDate "2021.10.06"]
[SourceVersion "1"]
[SourceVersionDate "2021.10.06"]
[SourceQuality "1"]

1. Nf3 d5 2. c4 e6 3. e3 Nf6 4. d4 c6 5. Be2 Bd6 6. Nc3 Nbd7 7. 0-0 0-0 8. b3 Re8 9. Bb2 Ne4 10. Nxe4 dxe4 11. Nd2 f5 12. f4 Nf6 13. Qe1 c5 14. Rc1 Qb6 15. d5 e5 16. Qg3 Qc7 17. fxe5 Bxe5 18. Bxe5 Qxe5 19. Qxe5 Rxe5 20. Nb1 Bd7 21. Nc3 Ne8 22. h3 Nd6 23. Kh2 Rf8 24. Rf2 g6 25. Rcf1 Kg7 26. g4 Rf7 27. gxf5 gxf5 28. Bh5 Rfe7 29. Rf4 Kf6 30. Rh4 b5 31. Be2 b4 32. Rh6+ Kg7 33. Rxd6 bxc3 34. Rc1 Rf7 35. Bh5 Rfe7 36. Rxc3 f4 37. exf4 Rxh5 38. Re3 Rh4 39. b4 cxb4 40. c5 Bf5 41. Rd8 Rc7 42. c6 Rxf4 43. Kg3 Rf1 44. Rxe4 Bxe4 45. d6 Rxc6 46. d7 Rg6+ 47. Kh4 Rf4+ 0-1

[Event "Winnipeg TNT April op"]
[Site "Winnipeg"]
[Date "2014.04.15"]
[Round "3.5"]
[White "Reimer, Bruce"]
[Black "De Groot, Steven"]
[Result "1-0"]
[WhiteElo "1627"]
[BlackElo "1936"]
[PlyCount "53"]
[EventDate "2014.04.01"]
[EventType "swiss"]
[EventRounds "5"]
[EventCountry "CAN"]
[SourceTitle "EXT 2022"]
[Source "ChessBase"]
[SourceDate "2021.10.06"]
[SourceVersion "1"]
[SourceVersionDate "2021.10.06"]
[SourceQuality "1"]

1. c4 Nf6 2. g3 g6 3. Bg2 Bg7 4. Nc3 0-0 5. d4 c6 6. e4 d6 7. Nge2 a6 8. 0-0 Qc7 9. h3 Nbd7 10. Be3 e5 11. d5 Ne8 12. a4 f5 13. exf5 gxf5 14. Qd2 Rf6 15. dxc6 bxc6 16. f4 Bb7 17. fxe5 Nxe5 18. b3 Rd8 19. Bg5 Qb6+ 20. Kh2 d5 21. Bxf6 Nxf6 22. cxd5 cxd5 23. Nd4 Bh6 24. Qd1 Qb4 25. Nxf5 Bg5 26. Ne2 Re8 27. Nf4 1-0

[Event "Winnipeg TNT October op"]
[Site "Winnipeg"]
[Date "2013.10.01"]
[Round "1.5"]
[White "De Groot, Steven"]
[Black "Remillard, John"]
[Result "1-0"]
[WhiteElo "1959"]
[BlackElo "1562"]
[PlyCount "25"]
[EventDate "2013.10.01"]
[EventType "swiss"]
[EventRounds "5"]
[EventCountry "CAN"]
[SourceTitle "EXT 2022"]
[Source "ChessBase"]
[SourceDate "2021.10.06"]
[SourceVersion "1"]
[SourceVersionDate "2021.10.06"]
[SourceQuality "1"]

1. c4 e5 2. Nc3 Nf6 3. g3 Be7 4. Bg2 0-0 5. d3 c6 6. Nf3 d6 7. 0-0 Be6 8. b3 Nbd7 9. d4 exd4 10. Nxd4 Nc5 11. Bb2 d5 12. Nxe6 fxe6 13. cxd5 1-0

[Event "Winnipeg TNT September op"]
[Site "Winnipeg"]
[Date "2013.09.03"]
[Round "2.4"]
[White "Boron, Anthony"]
[Black "De Groot, Steven"]
[Result "1-0"]
[WhiteElo "1928"]
[BlackElo "1988"]
[PlyCount "74"]
[EventDate "2013.09.03"]
[EventType "swiss"]
[EventRounds "4"]
[EventCountry "CAN"]
[SourceTitle "EXT 2022"]
[Source "ChessBase"]
[SourceDate "2021.10.06"]
[SourceVersion "1"]
[SourceVersionDate "2021.10.06"]
[SourceQuality "1"]

1. d4 Nf6 2. Bg5 d5 3. Bxf6 exf6 4. e3 c5 5. Nf3 Be6 6. c3 c4 7. Nbd2 f5 8. Qa4+ Nc6 9. Ne5 Qc7 10. b3 cxb3 11. axb3 Bd6 12. Ndf3 0-0 13. Nxc6 bxc6 14. Bd3 f4 15. 0-0 Bg4 16. Ne5 Bxe5 17. dxe5 Qxe5 18. Qxf4 Qxc3 19. Bxh7+ Kxh7 20. Qxg4 Qxb3 21. Ra4 Kg8 22. Rfa1 Rab8 23. h3 c5 24. Rxa7 c4 25. Rc7 Ra8 26. Rxa8 Rxa8 27. Qf5 Qd1+ 28. Kh2 Rf8 29. Rd7 c3 30. Qxd5 Qb1 31. Rc7 Qb8 32. Qc4 c2 33. g3 Qa8 34. Qxc2 Qf3 35. Rc4 g5 36. Rc5 f6 37. Rc7 Rf7 1-0

[Event "Winnipeg TNT May op"]
[Site "Winnipeg"]
[Date "2013.05.07"]
[Round "1"]
[White "Leaden, Bruce"]
[Black "De Groot, Steven"]
[Result "0-1"]
[WhiteElo "1609"]
[BlackElo "1976"]
[PlyCount "55"]
[EventDate "2013.05.07"]
[EventType "swiss"]
[EventRounds "4"]
[EventCountry "CAN"]
[SourceTitle "EXT 2022"]
[Source "ChessBase"]
[SourceDate "2021.10.06"]
[SourceVersion "1"]
[SourceVersionDate "2021.10.06"]
[SourceQuality "1"]

1. e4 c5 2. Nc3 Nc6 3. f4 d6 4. Bb5 Bd7 5. Nf3 a6 6. Bxc6 Bxc6 7. d3 Nf6 8. 0-0 e6 9. Qe1 Qc7 10. e5 Nd5 11. Ne4 0-0-0 12. a3 h6 13. c4 Nb6 14. b4 Bxe4 15. Qxe4 d5 16. Qe2 dxc4 17. dxc4 cxb4 18. axb4 Qxc4 19. Qxc4+ Nxc4 20. Ba3 Nxa3 21. Rfc1+ Kb8 22. Rxa3 Bxb4 23. Rb3 a5 24. Kf1 Rd5 25. Ke2 Rc8 26. Rxc8+ Kxc8 27. Ne1 Bxe1 28. Kxe1 0-1

[Event "Winnipeg TNT April op"]
[Site "Winnipeg"]
[Date "2013.04.09"]
[Round "2"]
[White "Babb, Jeff"]
[Black "De Groot, Steven"]
[Result "1-0"]
[WhiteElo "2209"]
[BlackElo "1983"]
[PlyCount "53"]
[EventDate "2013.04.02"]
[EventType "swiss"]
[EventRounds "5"]
[EventCountry "CAN"]
[SourceTitle "EXT 2022"]
[Source "ChessBase"]
[SourceDate "2021.10.06"]
[SourceVersion "1"]
[SourceVersionDate "2021.10.06"]
[SourceQuality "1"]

1. f4 Nf6 2. Nf3 d5 3. e3 c5 4. b3 Nc6 5. Bb2 e6 6. Bb5 Bd7 7. 0-0 b6 8. Bxc6 Bxc6 9. Ne5 Bb7 10. f5 Be7 11. d3 0-0 12. Nd2 Qd6 13. Ng4 d4 14. Nc4 Qd5 15. Nxf6+ Bxf6 16. e4 Qd8 17. a4 e5 18. Qf3 Ba6 19. Bc1 Bxc4 20. bxc4 Rc8 21. Bd2 Rc6 22. a5 Bg5 23. Qf2 Bxd2 24. Qxd2 Qc7 25. f6 Rxf6 26. Rxf6 gxf6 27. Qh6 1-0

[Event "Winnipeg TNT May op"]
[Site "Winnipeg"]
[Date "2012.05.08"]
[Round "2"]
[White "De Groot, Steven"]
[Black "Bince, Rolando"]
[Result "0-1"]
[WhiteElo "1858"]
[BlackElo "2084"]
[PlyCount "114"]
[EventDate "2012.05.01"]
[EventType "swiss"]
[EventRounds "5"]
[EventCountry "CAN"]
[SourceTitle "EXT 2022"]
[Source "ChessBase"]
[SourceDate "2021.10.06"]
[SourceVersion "1"]
[SourceVersionDate "2021.10.06"]
[SourceQuality "1"]

1. c4 e5 2. Nc3 Nf6 3. g3 c6 4. e4 Bb4 5. Bg2 0-0 6. Nge2 d5 7. exd5 Bg4 8. Qb3 Na6 9. 0-0 Rb8 10. a3 Bd6 11. d4 exd4 12. Nxd4 Nc5 13. Qc2 Be5 14. Be3 cxd5 15. Nxd5 Nxd5 16. Bxd5 a6 17. Nf3 Bxf3 18. Bxf3 b6 19. Bd5 Qf6 20. Rab1 Rfd8 21. b4 Ne6 22. Bxe6 Qxe6 23. Rfd1 g6 24. Rxd8+ Rxd8 25. Rd1 Rc8 26. Qe4 Rxc4 27. Qa8+ Kg7 28. Qxa6 Bc7 29. Qb5 h6 30. Rd5 Qe4 31. Rd7 Qb1+ 32. Kg2 Qe4+ 33. f3 Rc2+ 34. Rd2 Rxd2+ 35. Bxd2 Qc2 36. Qe2 g5 37. Kf2 b5 38. Be3 Qf5 39. Bd4+ Kg6 40. Qe4 Qxe4 41. fxe4 f5 42. Kf3 f4 43. e5 fxg3 44. hxg3 h5 45. Ke4 h4 46. gxh4 gxh4 47. Kf4 h3 48. Bg1 Bb6 49. Bh2 Bd4 50. e6 Kf6 51. Ke4 Bb2 52. Kd5 Bxa3 53. Bd6 Bxb4 54. Bh2 Be7 55. Be5+ Kf5 56. Bh2 b4 57. Kc4 Kxe6 0-1

[Event "Winnipeg TNT January op"]
[Site "Winnipeg"]
[Date "2012.01.31"]
[Round "4"]
[White "Kaptsan, Aron"]
[Black "De Groot, Steven"]
[Result "1/2-1/2"]
[WhiteElo "1943"]
[BlackElo "1848"]
[PlyCount "74"]
[EventDate "2012.01.10"]
[EventType "swiss"]
[EventRounds "4"]
[EventCountry "CAN"]
[SourceTitle "EXT 2022"]
[Source "ChessBase"]
[SourceDate "2021.10.06"]
[SourceVersion "1"]
[SourceVersionDate "2021.10.06"]
[SourceQuality "1"]

1. d4 Nf6 2. c4 g6 3. Nc3 d5 4. Bd2 Bg7 5. Rc1 0-0 6. cxd5 Nxd5 7. e4 Nb6 8. Be3 Nc6 9. d5 Ne5 10. Bd4 c6 11. f4 Bg4 12. Be2 Bxe2 13. Ngxe2 Nec4 14. b3 Bxd4 15. Qxd4 Nd6 16. dxc6 bxc6 17. 0-0 Nb5 18. Qe3 Qd7 19. Rfd1 Qb7 20. Qc5 Rfd8 21. f5 Nxc3 22. Qxc3 c5 23. Ng3 Rxd1+ 24. Rxd1 Qc7 25. Rc1 Rc8 26. e5 c4 27. e6 fxe6 28. fxg6 hxg6 29. Qc2 Qc5+ 30. Kh1 Qg5 31. Re1 cxb3 32. Qxb3 Nd5 33. h3 Rc3 34. Qb8+ Kh7 35. Ne4 Qh4 36. Re2 Rc1+ 37. Kh2 Qf4+ 1/2-1/2

[Event "Winnipeg TNT October"]
[Site "Winnipeg"]
[Date "2011.10.04"]
[Round "1"]
[White "Li, Kevin"]
[Black "De Groot, Steven"]
[Result "1-0"]
[WhiteElo "2159"]
[BlackElo "1801"]
[PlyCount "103"]
[EventDate "2011.10.04"]
[EventType "swiss"]
[EventRounds "4"]
[EventCountry "CAN"]
[SourceTitle "EXT 2023"]
[Source "ChessBase"]
[SourceDate "2022.10.05"]
[SourceVersion "1"]
[SourceVersionDate "2022.10.05"]
[SourceQuality "1"]

1. e4 c5 2. Nf3 d6 3. d4 cxd4 4. Qxd4 a6 5. Bc4 Nc6 6. Qd1 Nf6 7. Nc3 Bg4 8. Bg5 e6 9. Be2 Be7 10. Qd2 Qc7 11. Be3 0-0 12. Nd4 Bxe2 13. Qxe2 b5 14. Nxc6 Qxc6 15. Bg5 Ra7 16. a3 Rb8 17. 0-0 b4 18. axb4 Rxb4 19. Ra2 Nxe4 20. Bxe7 Nxc3 21. bxc3 Re4 22. Qd3 Rxe7 23. Rxa6 Qb7 24. Rxd6 g6 25. Rd4 Re5 26. Rd8+ Kg7 27. Qd4 f6 28. Rd1 Rd5 29. Rxd5 Qxd5 30. Qxd5 exd5 31. Kf1 Rc7 32. Rxd5 Rxc3 33. Rd2 h5 34. Ke1 g5 35. Rd7+ Kg6 36. Kd2 Rc6 37. Kd3 Kf5 38. c4 Ke6 39. Ra7 Rd6+ 40. Kc3 Rd1 41. f3 Rc1+ 42. Kd3 g4 43. Ra6+ Kf7 44. Ra2 Rh1 45. fxg4 Rxh2 46. gxh5 Rxh5 47. Re2 Rh1 48. Kd4 Rd1+ 49. Kc5 Rc1 50. Kd5 Ra1 51. c5 Ra5 52. Kc6 1-0

[Event "Winnipeg TNT July op"]
[Site "Winnipeg"]
[Date "2010.07.06"]
[Round "1"]
[White "De Groot, Steven"]
[Black "Bince, Rolando"]
[Result "0-1"]
[WhiteElo "1822"]
[BlackElo "2150"]
[PlyCount "78"]
[EventDate "2010.07.06"]
[EventType "swiss"]
[EventRounds "4"]
[EventCountry "CAN"]
[SourceTitle "EXT 2022"]
[Source "ChessBase"]
[SourceDate "2021.10.06"]
[SourceVersion "1"]
[SourceVersionDate "2021.10.06"]
[SourceQuality "1"]

1. e4 Nf6 2. e5 Nd5 3. d4 d6 4. exd6 cxd6 5. Bc4 Nb6 6. Bb3 g6 7. Qf3 d5 8. Ne2 Bg7 9. Bg5 Nc6 10. c3 0-0 11. 0-0 f6 12. Bh4 a5 13. a4 e6 14. Nd2 Ne7 15. Bg3 Nf5 16. Qd3 Kh8 17. f4 Nd6 18. Kh1 Bd7 19. Ng1 Rc8 20. Ngf3 Ndc4 21. Ra2 Qe8 22. Bc2 Nxd2 23. Nxd2 Nxa4 24. Bxa4 Bxa4 25. b3 Bb5 26. c4 dxc4 27. bxc4 Bc6 28. Rxa5 f5 29. d5 exd5 30. cxd5 Qd8 31. Nb3 b6 32. Ra6 Bb7 33. Ra7 Rc3 34. Qb5 Qxd5 35. Qxd5 Bxd5 36. Nd2 Rc2 37. Nf3 Rfc8 38. Kg1 Bd4+ 39. Bf2 Rxf2 0-1

[Event "Winnipeg TNT June op"]
[Site "Winnipeg"]
[Date "2010.06.15"]
[Round "3"]
[White "Letain, Cory"]
[Black "De Groot, Steven"]
[Result "0-1"]
[WhiteElo "1614"]
[BlackElo "1818"]
[PlyCount "60"]
[EventDate "2010.06.01"]
[EventType "swiss"]
[EventRounds "5"]
[EventCountry "CAN"]
[SourceTitle "EXT 2022"]
[Source "ChessBase"]
[SourceDate "2021.10.06"]
[SourceVersion "1"]
[SourceVersionDate "2021.10.06"]
[SourceQuality "1"]

1. d4 Nf6 2. c4 g6 3. Nc3 Bg7 4. e4 d6 5. f4 c5 6. d5 0-0 7. Nf3 Bg4 8. Be2 Na6 9. 0-0 e6 10. h3 Bxf3 11. Bxf3 exd5 12. cxd5 Nc7 13. a4 Qd7 14. Bg4 Nxg4 15. hxg4 f5 16. exf5 gxf5 17. g5 Bd4+ 18. Kh1 Qf7 19. Qf3 Rae8 20. Nb5 Nxb5 21. axb5 b6 22. Ra2 Re4 23. Bd2 Rfe8 24. Qh3 Re2 25. Rd1 R8e7 26. Ra3 Qxd5 27. Rg3 Rxd2 28. Rf1 Rf2 29. Rd1 Qe6 30. Qh5 Qg6 0-1

[Event "Winnipeg TNT October op"]
[Site "Winnipeg"]
[Date "2009.10.27"]
[Round "4"]
[White "De Groot, Steven"]
[Black "Kaptsan, Aron"]
[Result "0-1"]
[WhiteElo "1774"]
[BlackElo "1993"]
[PlyCount "50"]
[EventDate "2009.10.06"]
[EventType "swiss"]
[EventRounds "4"]
[EventCountry "CAN"]
[SourceTitle "EXT 2011"]
[Source "ChessBase"]
[SourceDate "2010.11.26"]
[SourceVersion "1"]
[SourceVersionDate "2010.11.26"]
[SourceQuality "1"]

1. e4 e5 2. Nf3 Nc6 3. Bb5 a6 4. Ba4 Nf6 5. 0-0 Be7 6. Re1 b5 7. Bb3 d6 8. c3 0-0 9. d3 Na5 10. Bc2 c5 11. a4 Bg4 12. Nbd2 Qc7 13. h3 Bxf3 14. Nxf3 h6 15. Be3 Nc6 16. d4 cxd4 17. cxd4 Nb4 18. Bb1 Nd7 19. Qb3 a5 20. Rc1 Qb7 21. d5 Bd8 22. Ne1 Bb6 23. Bxb6 Qxb6 24. Nd3 bxa4 25. Rxa4 Nxd3 0-1